| 000 | 01747nam a2200133Ia 4500 | ||
|---|---|---|---|
| 008 | 220615s9999||||xx |||||||||||||| ||und|| | ||
| 020 | _a9783040000000 | ||
| 245 | 0 | _aProgress on Nutrient Composition, Meat Standardization and Grading, Processing and Safety in Different Types of Meat Sources | |
| 546 | _aEnglish[eng] | ||
| 650 | _achicken fat by-products||unsaturated fatty acids||colour properties||lipid profile||beef||lamb||pork||trace elements||micronutrients||fatty acids||genomics||heritability||Campylobacter jejuni||antimicrobials||decontamination||poultry||chicken wings||application method||indicator bacteria||chlorine dioxide||rhamnolipids||1,3-Dibromo-5.5-dimethyl hydantoin||interventions||barley||corn||blend||eating quality||volatile compounds||Salmonella spp.||E. coli||pathogen surrogates||ozone intervention||beef trim||tropical||meat quality||nutrient||composition||beef primals||computer vision system||dual energy X-ray absorptiometry||mature cows||rib-eye camera||whole-side camera||lactic acid||UV-C||Listeria monocytogenes||LAB||response surface methodology||longissimus dorsii lumborum||multivariate analyses||proximate composition||fatty acid profile||mineral content||carcass traits||tropical beef cattle||refrigerated meat shelf life||microbial indicators||vacuum packaging||carcass chilling||hot water intervention||Salmonella||chicken||microbial intervention||food-contact surfaces||Pirenaica||Protected Geographical Indication||Ternera de Navarra||Certified Angus Beef||country of origin||USDA standard||sensory profile||pig||seaweed||pork quality||minerals||proximal composition||Macrocystis pyrifera||n/a | ||
| 700 | _aNelson, Huerta-Leidenz | ||
| 856 | _uhttps://mdpi.com/books/pdfview/book/4707 | ||
| 942 | _cEB | ||
| 999 |
_c17019 _d17019 |
||